000 01176cam a2200277 4500
008 090401t2001 xxu||||| |||| 00| 0 eng d
020 _a0419248900
035 _a(Sirsi) u99817
041 _aeng
050 _a690.25
100 _aGarrand, Christopher
245 _aHAPM guide to defect avoidance.
260 _aLondon
_bSpon Press
_c2001
300 _axi,115p. ; 30cm.
350 _a45.00
520 _aThis guide lists and describes a wide range of construction defects, selected and rated by Construction Audit Ltd. Each defect is related to its potential consequences before being presented in the context of a 'problem' and how it may be avoided.
650 _aBUILDING DEFECTS
650 _aBUILT ENVIRONMENT-BUILDING ELEMENTS-COMPLETE BUILDING ELEMENTS-WALLS
650 _aBUILT ENVIRONMENT-BUILDING ELEMENTS-COMPLETE BUILDING ELEMENTS-FLOORS
650 _aBUILT ENVIRONMENT-BUILDING ELEMENTS-COMPLETE BUILDING ELEMENTS-FOUNDATIONS
650 _aBUILT ENVIRONMENT-BUILDING ELEMENTS-COMPLETE BUILDING ELEMENTS-ROOFS
650 _aBUILDING FAILURES
690 _aBUILDING AND CONSTRUCTION-DEFECTS AND FAILURES
942 _n0
948 _c08/04/1999
999 _c99474
_d99474